000
00209 a2200097 4500
001
32656
100
_a
JIN
245
_a
Quaid-e-Azam Aur Aun Ka Aahad
260
_a
_b
Mqbool Academy
_c
090
_c
21869
_d
21869
942
_a
NUST-CAE
_c
M
_c
13190
999
_c
267729
_d
267729